000 nam a22 a 4500
999 _c3212
_d3212
005 20170522085149.0
008 170522b2002 enk||||| |||| 00| 0 eng d
020 _a0566085356
040 _aAKMAL
082 _a658.312404 RAE
090 _a658.312404
_bRAE
100 _aRae, Leslie.
_96605
245 _aAssessing the value of your training
_bthe evaluation process from training needs to the report to the board /
_cLeslie Rae.
260 _aAldershot
_bGower
_cc2002.
300 _ax, 229 p.
_bill.
_c26cm
504 _aIncludes bibliographical references and index.
650 _aEmployees
_xTraining of
_xEvaluation.
_96500
942 _2ddc
_cBOOK